000 00773nam a2200193Ii 4500
003 JO-AjNU
008 230605s9999||||xx |||||||||||||| ||und||
040 _aJO-AjNU
_bara
_erda
_cJO-AjNU
041 _aara
050 1 4 _aHG8051 2014
100 3 _aجلول، عطية محمد ، م.مشارك: محمد محمد عطا، علي حسين المقابلة,
_eauthor
_952041
245 0 0 _aدراسات في التأمين : بحوث محكمة منتقاة
264 3 1 _aالقاهرة: المنظمة العربية للتنمية الادارية، 2014
300 _a157ص
_bيحتوي على جداول
336 _atext
_btxt
_2rdacontent
337 _aunmediated
_bn
_2rdamedia
338 _avolume
_bnc
_2rdacarrier
650 4 _aالتأمين - دراسات
_952042
999 _aA23029
_c26597
_d26597